Top 10 des communes de France par lettre - W - Statistiques

Statistiques générales
  • Ce quiz a été pris 40 fois
  • Le résultat moyen est 3 sur 10
Statistiques - réponses
Département Population Commune % Correct
Nord 40.881 Wattrelos
85%
Nord 20.674 Wasquehal
64%
Moselle 14.394 Woippy
42%
Nord 15.756 Wattignies
33%
Haut-Rhin 15.491 Wittenheim
21%
Nord 10.984 Wambrechies
18%
Pas-de-Calais 8.734 Wingles
9%
Haut-Rhin 10.364 Wittelsheim
9%
Nord 7.777 Wavrin
6%
Haut-Rhin 8.045 Wintzenheim
6%
Aucun quiz correspondant
Distribution des résultats
% des personnes avec chaque résultat
Percentile par nombre de réponses
Votre historique - résultats
Vous n’avez pas pris ce quiz